Flagi państw z najwyższym procentem żółci - Statystyki

Ogólne statystyki
  • Ten quiz został rozwiązany 32 832 razy
  • Średni wynik to 6 z 8
Statystyki odpowiedzi
Obrazkowy Hint Odpowiedź % Poprawnych
50,0% Ukraina
100%
44,8% Hiszpania
99%
51,7% Watykan
98%
50,0% Kolumbia
91%
47,2% Ekwador
84%
43,8% Bhutan
77%
54,6% Brunei
56%
44,1% Saint Vincent i Grenadyny
41%
Nie znaleziono quizów pasujących do podanych kryteriów
Rozkład punktacji
Procent ludzi z każdym wynikiem
Percentyl według liczby udzielonych odpowiedzi
Twoja historia wyników
Nie rozwiązałeś tego quizu